000 00320nam a22001457a 4500
003 SGT
020 _a9789348565174
082 _a615.32
_bJAI
100 _aJAIN SHWETA
245 _aA TEXTBOOK OF PHARMACOGNOSY - I
260 _aINDIA
_bIP PUB
_c2025
300 _a168
650 _aPHARMACOGNOSY
942 _2ddc
_cBK
999 _c34231
_d34231